| 000 | 00000nam##2200000za#4500 |
| 001 | 9.576906 |
| 003 | CaOODSP |
| 005 | 20210624185347 |
| 007 | cr ||||||||||| |
| 008 | 150406|1989||||xxc|||||o f|0| 0 eng|d |
| 040 | |aCaOODSP|beng |
| 043 | |an-cn--- |
| 086 | 1 |aFs97-13/728E-PDF |
| 110 | 1 |aCanada. |bDepartment of Fisheries and Oceans. |
| 245 | 10|aSulfur, carbon, and nitrogen isotopic composition of fish from the Mackenzie River Delta region and other arctic drainages / |h[electronic resource]|cby R.H. Hesslein, D.E. Fox and M.J. Capel. |
| 260 | |aWinnipeg - Manitoba : |bFisheries and Oceans Canada |c1989. |
| 300 | |a18p.|breferences, tables |
| 490 | 1 |aCanadian data report of fisheries and aquatic sciences|vNo. 728 |
| 500 | |aOn t.p.: Central and Arctic Region, Winnipeg, Manitoba. Catalogue number of the print edition appears in the PDF version. |
| 546 | |a(Résumé en français) |
| 590 | |a13-18-Supp|b2013-08-01 |
| 720 | 1 |aHesslein, R. H. |
| 720 | 1 |aFox, D. E. |
| 720 | 1 |aCapel, M. J. |
| 830 | #0|aCanadian data report of fisheries and aquatic sciences ;|vNo. 728|w(CaOODSP)9.505124 |
| 856 | 40|ahttp://publications.gc.ca|qPDF|s366 KB|uhttps://publications.gc.ca/collections/collection_2013/mpo-dfo/Fs97-13-728-eng.pdf|yNo. 728 |